000 01134nam a2200301 a 4500
001 77510
003 BD-RjUL
005 20211209082959.0
008 201007s1963 enkac 011 0 eng d
035 _aoxf98200017
035 _a(OCoLC)7937987
035 _a(BD-RjUL)77735
040 _aDUQ
_cDUQ
_dOCL
_dBD-RjUL
_beng
041 _aeng
082 _223
_a822.309
_bESS 1963
245 0 0 _aEssays on Shakespeare and Elizabethan drama in honor of Hardin Craig /
_cedited by Richard Hosley.
260 _aLondon :
_bRoutledge & Kegan Paul,
_c1963.
300 _avi, 385 p. :
_bill., port ;
_c24 cm.
500 _aIncludes index.
504 _a"A bibliography of the writings of Hardin Craig from 1940 to 1961": p. 369-374. Bibliographical footnotes.
600 1 0 _aShakespeare, William,
_d1564-1616
_xCriticism and interpretation.
_9241798
600 1 0 _aCraig, Hardin,
_d1875-1968.
_9241799
650 0 _aEnglish drama
_yEarly modern and Elizabethan, 1500-1600
_xHistory and criticism
_9241796
700 1 _aCraig, Hardin,
_d1875-1968.
_9241799
700 1 _aHosley, Richard.
_9241797
942 _2ddc
_cBK
999 _c77510
_d77510